000 nam a22 a 4500
999 _c943
_d943
003 AKMAL
005 20170508094919.0
008 170508s2008 my | e | o000 0 may d
020 _a9789834374303 (jil. 1)
040 _aAKMAL
082 0 4 _a297.1229 MEM
_222
090 0 0 _a297.1229
_bMEM
245 0 0 _aMembongkar rahsia al-Quran :
_bmukadimah dan tafsir surah al-Fatihah /
_c[Sulaiman Ibrahim] ... [et al.]
260 _aBangi, Selangor :
_bAl Hadhari Training Consultants,
_c2008
300 _axxvi, 213ms. ;
_c26cm.
504 _aBibliografi : ms. 193-199
630 0 4 _aKoran.
_pSurah al-Fatihah
_xCriticism, interpretation, etc.
_92010
700 0 _aSulaiman Ibrahim
_92011
942 _2ddc
_cBOOK